Library Banner

Kalam baba Farid = کلام بابا فرید مع تبصرہ، تنقید، تحقیق، ترجمہ، تشریح / (Record no. 136481)

MARC details
000 -LEADER
fixed length control field 00586nam a22001577a 4500
005 - DATE AND TIME OF LATEST TRANSACTION
control field 20250103112246.0
008 - FIXED-LENGTH DATA ELEMENTS--GENERAL INFORMATION
fixed length control field 250103b |||||||| |||| 00| 0 eng d
040 ## - CATALOGING SOURCE
Transcribing agency PK-LaUMT
082 ## - DEWEY DECIMAL CLASSIFICATION NUMBER
Classification number APC 297.4092
Item number HAM-K
100 ## - MAIN ENTRY--PERSONAL NAME
Personal name Hameed Allah Hashmi = حمید اللہ ھاشمی
245 ## - TITLE STATEMENT
Title Kalam baba Farid = کلام بابا فرید مع تبصرہ، تنقید، تحقیق، ترجمہ، تشریح /
Statement of responsibility, etc by Hameed Allah Hashmi = حمید اللہ ھاشمی
260 ## - PUBLICATION, DISTRIBUTION, ETC. (IMPRINT)
Place of publication, distribution, etc Lahore :
Name of publisher, distributor, etc Progressive Books,
Date of publication, distribution, etc 1996
300 ## - PHYSICAL DESCRIPTION
Extent 156 p.
546 ## - LANGUAGE NOTE
Language note Punjabi - Urdu
942 ## - ADDED ENTRY ELEMENTS (KOHA)
Koha item type Books
Holdings
Withdrawn status Lost status Damaged status Home library Current library Date acquired Full call number Barcode Date last seen Price effective from Koha item type
      UMT Main Campus UMT Main Campus 2025-01-03 APC 297.4092 HAM-K 148130 2025-01-03 2025-01-03 Books